[Event "POL-chT U18 1st"]
[Site "Poland"]
[Date "2022.06.27"]
[Round "3.3"]
[White "Ugorek, Kacper"]
[Black "Maj, Samuel"]
[Result "0-1"]
[WhiteElo "1810"]
[BlackElo "1935"]
[PlyCount "114"]
[EventDate "2022.06.25"]
[EventType "team-swiss"]
[EventRounds "9"]
[EventCountry "POL"]
[SourceTitle "EXT 2023"]
[Source "ChessBase"]
[SourceDate "2022.10.05"]
[SourceVersion "1"]
[SourceVersionDate "2022.10.05"]
[SourceQuality "1"]
[WhiteTeam "Kalisz KTS"]
[BlackTeam "Myslenice MAT"]
[WhiteTeamCountry "POL"]
[BlackTeamCountry "POL"]

1. e4 c5 2. Nf3 d6 3. d4 cxd4 4. Nxd4 Nf6 5. Nc3 a6 6. Nb3 e6 7. g4 b5 8. a3 Bb7 9. Bg2 Be7 10. Be3 Nc6 11. f4 Nd7 12. 0-0 Nb6 13. Bf2 Nc4 14. Rb1 g5 15. f5 Bf6 16. Nd4 Qe7 17. Nxc6 Bxc6 18. Bd4 Bxd4+ 19. Qxd4 Qa7 20. Rfd1 Qxd4+ 21. Rxd4 Ke7 22. Kf2 h5 23. h3 hxg4 24. hxg4 Rh4 25. Bf3 Rah8 26. a4 Rh2+ 27. Bg2 R8h4 28. axb5 axb5 29. Rxc4 bxc4 30. Kg3 d5 31. exd5 Bxd5 32. Nxd5+ exd5 33. Rd1 Rxg2+ 34. Kxg2 Rxg4+ 35. Kh3 Rh4+ 36. Kg3 Kd6 37. Ra1 Ke5 38. Ra5 Rd4 39. c3 Rd2 40. Kg4 Rg2+ 41. Kh5 Rxb2 42. Kxg5 Rf2 43. f6 Rxf6 44. Ra1 Rf3 45. Re1+ Kd6 46. Rc1 Kc5 47. Kg4 Rd3 48. Kf5 Kb5 49. Kf6 Ka4 50. Kxf7 Kb3 51. Ke6 Kb2 52. Rh1 Kxc3 53. Kd6 Kb2 54. Rh2+ Kb3 55. Rh8 c3 56. Rb8+ Kc2 57. Kc5 Kd2 0-1

[Event "POL-chT U18 1st"]
[Site "Poland"]
[Date "2022.06.26"]
[Round "2.3"]
[White "Maj, Samuel"]
[Black "Musial, Igor"]
[Result "1-0"]
[WhiteElo "1935"]
[BlackElo "1829"]
[PlyCount "35"]
[EventDate "2022.06.25"]
[EventType "team-swiss"]
[EventRounds "9"]
[EventCountry "POL"]
[SourceTitle "EXT 2023"]
[Source "ChessBase"]
[SourceDate "2022.10.05"]
[SourceVersion "1"]
[SourceVersionDate "2022.10.05"]
[SourceQuality "1"]
[WhiteTeam "Myslenice MAT"]
[BlackTeam "Czerwionka Leszczyny Skoczek"]
[WhiteTeamCountry "POL"]
[BlackTeamCountry "POL"]

1. d4 Nf6 2. c4 g6 3. Nc3 d5 4. cxd5 Nxd5 5. Bd2 Bg7 6. e4 Nxc3 7. Bxc3 0-0 8. Qd2 c5 9. d5 Qd6 10. f4 e6 11. Bc4 Bxc3 12. bxc3 exd5 13. Bxd5 Kg7 14. Nf3 Nc6 15. 0-0 c4 16. f5 f6 17. Nd4 Ne5 18. Bxb7 1-0

[Event "Krakow Malopolski op"]
[Site "Krakow"]
[Date "2022.06.18"]
[Round "6"]
[White "Maj, Samuel"]
[Black "Koziej, Maciej"]
[Result "1-0"]
[WhiteElo "1935"]
[BlackElo "1953"]
[PlyCount "75"]
[EventDate "2022.06.16"]
[EventType "swiss"]
[EventRounds "7"]
[EventCountry "POL"]
[SourceTitle "EXT 2023"]
[Source "ChessBase"]
[SourceDate "2022.10.05"]
[SourceVersion "1"]
[SourceVersionDate "2022.10.05"]
[SourceQuality "1"]

1. d4 Nf6 2. c4 e6 3. Nf3 d5 4. g3 Bb4+ 5. Bd2 Be7 6. Bg2 0-0 7. 0-0 c6 8. Qc2 Nbd7 9. Bf4 Ne4 10. Nc3 g5 11. Bd2 f5 12. Qc1 g4 13. Ne1 Nxd2 14. Qxd2 dxc4 15. e4 Nb6 16. Nc2 e5 17. Rfd1 f4 18. dxe5 f3 19. Bf1 Qc7 20. a4 a5 21. e6 Bxe6 22. Nd4 Bd7 23. Qe3 Bf6 24. Nf5 Be6 25. h3 h5 26. Rd2 Rae8 27. Nd6 Re7 28. h4 Nd7 29. Bxc4 Bxc4 30. Nxc4 Ne5 31. Nxe5 Bxe5 32. Kh2 Rg7 33. Qh6 Bf4 34. gxf4 Rxf4 35. Qd6 g3+ 36. fxg3 Rxh4+ 37. gxh4 Rg2+ 38. Rxg2+ 1-0

[Event "Krakow Malopolski op"]
[Site "Krakow"]
[Date "2022.06.17"]
[Round "4"]
[White "Maj, Samuel"]
[Black "Mirski, Michal"]
[Result "1/2-1/2"]
[WhiteElo "1935"]
[BlackElo "1855"]
[PlyCount "53"]
[EventDate "2022.06.16"]
[EventType "swiss"]
[EventRounds "7"]
[EventCountry "POL"]
[SourceTitle "EXT 2023"]
[Source "ChessBase"]
[SourceDate "2022.10.05"]
[SourceVersion "1"]
[SourceVersionDate "2022.10.05"]
[SourceQuality "1"]

1. d4 Nf6 2. c4 e6 3. Nf3 d5 4. g3 Be7 5. Bg2 0-0 6. 0-0 Ne4 7. Nc3 f5 8. Bf4 c6 9. Ne5 Nd7 10. Rc1 Nxe5 11. Bxe5 Bd7 12. f3 Nd6 13. cxd5 exd5 14. e4 fxe4 15. fxe4 Rxf1+ 16. Qxf1 dxe4 17. Nxe4 Be6 18. b3 Nxe4 19. Bxe4 Bd5 20. Qd3 Bxe4 21. Qxe4 Qd7 22. Rf1 Rf8 23. Rf4 Rxf4 24. Qxf4 Qe6 25. Qc1 Qd5 26. Qf4 Qe6 27. Qc1 1/2-1/2

[Event "Krakow Malopolski op"]
[Site "Krakow"]
[Date "2022.06.17"]
[Round "3"]
[White "Palacki, Rafal"]
[Black "Maj, Samuel"]
[Result "1/2-1/2"]
[WhiteElo "1840"]
[BlackElo "1935"]
[PlyCount "139"]
[EventDate "2022.06.16"]
[EventType "swiss"]
[EventRounds "7"]
[EventCountry "POL"]
[SourceTitle "EXT 2023"]
[Source "ChessBase"]
[SourceDate "2022.10.05"]
[SourceVersion "1"]
[SourceVersionDate "2022.10.05"]
[SourceQuality "1"]

1. e4 c5 2. c4 Nc6 3. Nc3 g6 4. g3 Bg7 5. Bg2 e6 6. Nge2 Nge7 7. 0-0 0-0 8. a3 b6 9. b4 d6 10. b5 Nd4 11. Bb2 Bb7 12. d3 Qc7 13. Nxd4 cxd4 14. Ne2 e5 15. g4 f5 16. gxf5 gxf5 17. Ng3 fxe4 18. Nxe4 Ng6 19. Bc1 Nh4 20. Bh1 Rae8 21. Qh5 Nf5 22. Ng5 Bh6 23. Bxb7 Qxb7 24. Ne4 Bxc1 25. Raxc1 Re6 26. Kh1 Rg6 27. Rg1 Ne7 28. Rxg6+ Nxg6 29. Rg1 Qf7 30. Rg3 Kh8 31. Nxd6 Qe6 32. Ne4 Rg8 33. Qxh7+ Kxh7 34. Ng5+ Kg7 35. Nxe6+ Kf6 36. Nc7 Rh8 37. Nd5+ Kf5 38. Kg2 Nh4+ 39. Kg1 e4 40. dxe4+ Kxe4 41. Kf1 Nf3 42. Ke2 d3+ 43. Kd1 Nxh2 44. Nb4 Nf3 45. Rxf3 Kxf3 46. Nxd3 Rc8 47. Kd2 Ke4 48. Kc3 Rf8 49. f4 Rh8 50. Ne5 Rh3+ 51. Kb4 Kxf4 52. Nc6 Rh7 53. a4 Ke4 54. a5 Kd3 55. Nxa7 bxa5+ 56. Kxa5 Kxc4 57. Kb6 Rh6+ 58. Nc6 Rh5 59. Na7 Kb4 60. Nc6+ Ka4 61. Nd4 Rd5 62. Kc6 Rxd4 63. b6 Rc4+ 64. Kd6 Kb5 65. b7 Rc6+ 66. Kd7 Rb6 67. Kc8 Rc6+ 68. Kd7 Rb6 69. Kc8 Rxb7 70. Kxb7 1/2-1/2

[Event "Krakow op-B 32nd"]
[Site "Krakow"]
[Date "2022.01.02"]
[Round "6"]
[White "Maj, Samuel"]
[Black "Golenia, Wojciech"]
[Result "0-1"]
[WhiteElo "1930"]
[BlackElo "2059"]
[PlyCount "106"]
[EventDate "2021.12.27"]
[EventType "swiss"]
[EventRounds "9"]
[EventCountry "POL"]
[SourceTitle "EXT 2023"]
[Source "ChessBase"]
[SourceDate "2022.10.05"]
[SourceVersion "1"]
[SourceVersionDate "2022.10.05"]
[SourceQuality "1"]

1. d4 Nf6 2. c4 e6 3. Nf3 b6 4. g3 Ba6 5. b3 Bb4+ 6. Bd2 Be7 7. Bg2 c6 8. 0-0 d5 9. Bc3 Nbd7 10. Nbd2 0-0 11. Re1 c5 12. e4 dxe4 13. Nxe4 Nxe4 14. Rxe4 Bb7 15. Re3 Bf6 16. d5 exd5 17. cxd5 Bxc3 18. Rxc3 Nf6 19. Rd3 Ne4 20. Ne5 Qf6 21. f4 Qf5 22. Qf1 Ba6 23. Nc4 Bxc4 24. bxc4 Nd6 25. Re3 Rfe8 26. Rxe8+ Rxe8 27. Re1 Rxe1 28. Qxe1 Kf8 29. Bf1 f6 30. Qe3 Qd7 31. Bd3 g6 32. Kg2 Kg7 33. h3 Nf7 34. g4 Qa4 35. Qe2 Qb4 36. Kg3 Qc3 37. Qe4 Qa1 38. h4 Nd6 39. Qe7+ Nf7 40. Qe4 Qxa2 41. h5 Qa1 42. hxg6 Qg1+ 43. Kh3 hxg6 44. Qxg6+ Kf8 45. Qe4 a5 46. Qe6 Kg7 47. Qe4 a4 48. d6 a3 49. Bb1 Qf1+ 50. Kg3 Qg1+ 51. Kh3 Qd4 52. Qxd4 cxd4 53. d7 d3 0-1

[Event "Krakow op-B 32nd"]
[Site "Krakow"]
[Date "2021.12.31"]
[Round "5"]
[White "Karimi, Farhad"]
[Black "Maj, Samuel"]
[Result "1-0"]
[WhiteElo "2055"]
[BlackElo "1930"]
[PlyCount "99"]
[EventDate "2021.12.27"]
[EventType "swiss"]
[EventRounds "9"]
[EventCountry "POL"]
[SourceTitle "EXT 2023"]
[Source "ChessBase"]
[SourceDate "2022.10.05"]
[SourceVersion "1"]
[SourceVersionDate "2022.10.05"]
[SourceQuality "1"]

1. d4 Nf6 2. c4 e6 3. Nf3 c5 4. Nc3 cxd4 5. Nxd4 d5 6. e3 Be7 7. Be2 0-0 8. 0-0 dxc4 9. Bxc4 Bd7 10. e4 Nc6 11. Be3 Nxd4 12. Bxd4 Bc6 13. Re1 a6 14. Bb3 Rc8 15. e5 Nd7 16. Qg4 Bc5 17. Rad1 Qe7 18. Bc2 Bxd4 19. Rxd4 f5 20. exf6 Rxf6 21. Bb3 Nc5 22. Nd5 Bxd5 23. Bxd5 Rcf8 24. b4 Qf7 25. Bc4 b5 26. bxc5 bxc4 27. Rxc4 h5 28. Qe4 Rxf2 29. Rcc1 Rf4 30. Qe2 Rf2 31. Qe3 Rf6 32. c6 Qc7 33. h3 R8f7 34. Qc5 Rf5 35. Qc4 e5 36. Rf1 Kh8 37. Rxf5 Rxf5 38. Qe6 Rf8 39. Qd7 Qb6+ 40. Kh1 Qb5 41. Qd1 Rc8 42. c7 Qe8 43. Qd6 e4 44. Rc5 Qf7 45. Qxa6 Rxc7 46. Qa8+ Kh7 47. Qxe4+ Kh6 48. Qe3+ Kh7 49. Qd3+ Kh6 50. Qd6+ 1-0

[Event "Krakow op-B 32nd"]
[Site "Krakow"]
[Date "2021.12.30"]
[Round "4"]
[White "Klaas, Heiko"]
[Black "Maj, Samuel"]
[Result "0-1"]
[WhiteElo "2078"]
[BlackElo "1930"]
[PlyCount "70"]
[EventDate "2021.12.27"]
[EventType "swiss"]
[EventRounds "9"]
[EventCountry "POL"]
[SourceTitle "EXT 2023"]
[Source "ChessBase"]
[SourceDate "2022.10.05"]
[SourceVersion "1"]
[SourceVersionDate "2022.10.05"]
[SourceQuality "1"]

1. e4 c5 2. Nc3 d6 3. d4 cxd4 4. Qxd4 Nc6 5. Qd2 g6 6. b3 Bh6 7. f4 Nf6 8. Bb2 0-0 9. 0-0-0 e5 10. g3 Re8 11. Bg2 Bg4 12. Re1 Nd4 13. h3 Bd7 14. Kb1 b5 15. Nce2 Nxe2 16. Nxe2 Bc6 17. Qd3 Qe7 18. Rhf1 a5 19. f5 a4 20. fxg6 hxg6 21. Bc1 Bxc1 22. Nxc1 axb3 23. cxb3 Red8 24. Re2 d5 25. exd5 Bxd5 26. Bxd5 Nxd5 27. Ree1 b4 28. Ka1 Nc3 29. Qe3 e4 30. Rf2 Nd1 31. Qf4 Nxf2 32. Qxf2 Qe5+ 33. Kb1 Qc3 34. Re2 Rac8 35. Qf4 Rd1 0-1

[Event "POL-ch U14"]
[Site "Uniejow"]
[Date "2021.07.22"]
[Round "5"]
[White "Maj, Samuel"]
[Black "Nowak, Filip"]
[Result "1-0"]
[WhiteElo "1670"]
[BlackElo "1745"]
[PlyCount "59"]
[EventDate "2021.07.18"]
[EventType "swiss"]
[EventRounds "9"]
[EventCountry "POL"]
[SourceTitle "EXT 2022"]
[Source "ChessBase"]
[SourceDate "2021.10.06"]
[SourceVersion "1"]
[SourceVersionDate "2021.10.06"]
[SourceQuality "1"]

1. d4 d5 2. c4 c6 3. Nf3 Nf6 4. Qc2 g6 5. Bf4 Bg7 6. e3 0-0 7. Nc3 Bf5 8. Qb3 Qb6 9. h3 h5 10. Be2 Nbd7 11. 0-0 Rfe8 12. Rfc1 e6 13. Ne5 Nxe5 14. Bxe5 Ne4 15. Bxg7 Kxg7 16. Nxe4 dxc4 17. Qxb6 axb6 18. Nd6 Red8 19. Nxf5+ exf5 20. Bxc4 b5 21. Bb3 f4 22. Rc5 fxe3 23. fxe3 Re8 24. Rf1 Rxe3 25. Rxf7+ Kh6 26. Re5 Rd3 27. Rf6 Rxd4 28. Ree6 Rg8 29. Bc2 h4 30. Bxg6 1-0

[Event "POL-chT U20 2nd League"]
[Site "Sypniewo"]
[Date "2020.??.??"]
[Round "4.45"]
[White "Duda, Leon"]
[Black "Maj, Samuel"]
[Result "0-1"]
[WhiteElo "1388"]
[BlackElo "1305"]
[PlyCount "104"]
[EventDate "2020.10.23"]
[EventType "team-swiss"]
[EventRounds "9"]
[EventCountry "POL"]
[SourceTitle "CBM 199 Extra"]
[Source "ChessBase"]
[SourceDate "2021.01.31"]
[SourceVersion "1"]
[SourceVersionDate "2021.01.31"]
[SourceQuality "1"]

1. e4 c5 2. Nf3 d6 3. d4 cxd4 4. Nxd4 Nf6 5. Nc3 a6 6. Be2 e5 7. Nb3 Be7 8. 0-0 Be6 9. f4 exf4 10. Bxf4 0-0 11. Bf3 Nc6 12. Nd4 Bd7 13. Nf5 Bxf5 14. exf5 Qb6+ 15. Kh1 Qxb2 16. Qd2 Qb6 17. Rab1 Qc7 18. Bg5 Rab8 19. Rfd1 Ne5 20. Be2 Rfc8 21. Bxf6 Bxf6 22. Ne4 Be7 23. c3 Qc6 24. Qd5 Qxd5 25. Rxd5 Rc6 26. h3 Nd7 27. Rd4 Nf6 28. Nxf6+ Bxf6 29. Rdb4 b6 30. c4 Bd4 31. g4 Re8 32. Bf3 Rc7 33. Kg2 a5 34. Ra4 Bc5 35. Bd5 Rce7 36. Bf3 Re3 37. Rb2 h6 38. Rb3 Kh7 39. Bd5 Re2+ 40. Kh1 Re1+ 41. Kg2 R8e2+ 42. Kf3 Re3+ 43. Kg2 R3e2+ 44. Kf3 Re7 45. h4 g6 46. f6 R7e3+ 47. Kg2 Kg8 48. Rxa5 bxa5 49. Rb7 R3e2+ 50. Kh3 Re3+ 51. Kg2 R1e2+ 52. Kf1 Re5 0-1